| 000 | 02969cam a22005175i 4500 | ||
|---|---|---|---|
| 999 |
_c5728 _d5728 |
||
| 001 | 23743549 | ||
| 003 | OSt | ||
| 005 | 20251027104546.0 | ||
| 008 | 240622s2024 nyu 000 0aeng d | ||
| 010 | _a 2024941064 | ||
| 020 | _a9781526663658 | ||
| 035 | _a23743549 | ||
| 035 | _a(OCoLC)1394973045 | ||
| 040 |
_aYDX _beng _erda _cYDX _dBDX _dMWD _dOCLCO _dHBP _dUAP _dOCLCO _dIKG _dOQX _dJOZ _dVP@ _dYEQ _dOCLCO _dDLC _dKH8 |
||
| 041 | 1 |
_aeng _hkor |
|
| 042 | _alccopycat | ||
| 082 | 0 | 4 | _a616.89 SEH |
| 100 | 1 |
_aPaek, Se-hŭi, _d1990- _eauthor. |
|
| 245 | 1 | 0 |
_aI want to die but I still want to eat tteokbokki : _bfurther conversations with my psychiatrist / _cBaek Sehee ; translated by Anton Hur. |
| 264 | 1 |
_aNew York, NY : _bBloomsbury, _c2024. |
|
| 300 |
_axiv, 204 pages ; _c22 cm |
||
| 336 |
_atext _btxt _2rdacontent |
||
| 337 |
_aunmediated _bn _2rdamedia |
||
| 338 |
_avolume _bnc _2rdacarrier |
||
| 500 | _a"Original Korean edition published by Heun Publishing"--Title page verso. | ||
| 505 | 0 | _aA note on the content -- To the readers of the English translation -- Prologue -- What's wrong with wanting to be loved? -- Thinness: The pressure I can't escape -- Seeing myself through the eyes of others -- I needed a wound I could see -- Because I fear both living and dying -- That someone wishes for my safety -- The anniversary -- Widen that middle ground within me -- It's not like other people have lived my life -- Being myself whether in honesty of hypocrisy -- Do I have gumption or not? -- Flexible thinking and the courage to rest -- To see the parts of me that shine -- Because life goes on -- Afterword. | |
| 520 |
_a"In this frank sequel to I Want to Die but I Want to Eat Tteokbokki, Sehee continues to document her treatment for depression and anxiety. Organized into 14 essays, each themed after one of Sehee's insecurities and framed by recorded conversations between the author and her psychiatrist, this memoir digs deeper than its predecessor."-- _cPublisher description. |
||
| 600 | 1 | 0 |
_aPaek, Se-hŭi, _d1990- _xMental health. |
| 600 | 1 | 0 |
_aPaek, Se-hŭi, _d1990- _xPsychology. |
| 650 | 0 |
_aDepressed persons _vAnecdotes. |
|
| 650 | 0 |
_aDepression, Mental _xTreatment. |
|
| 650 | 0 |
_aDepressed persons _zKorea (South) _vBiography. |
|
| 650 | 0 |
_aDepression, Mental _zKorea (South) _vBiography. |
|
| 650 | 0 |
_aPsychotherapy patients _zKorea (South) _vBiography. |
|
| 650 | 0 |
_aMental health counseling _zKorea (South) |
|
| 650 | 7 |
_aDepressed persons _vBiography. _2sears |
|
| 650 | 7 |
_aDepression (Psychology) _vBiography. _2sears |
|
| 650 | 7 |
_aPsychotherapy patients _vBiography. _2sears |
|
| 651 | 7 |
_aKorea (South) _2fast _1https://id.oclc.org/worldcat/entity/E39QbtfRg3kwbTgW8wMXD4yWrY |
|
| 655 | 2 | _aAutobiography | |
| 655 | 7 |
_aAutobiographies. _2lcgft |
|
| 655 | 7 |
_aAutobiographies. _2rvmgf |
|
| 655 | 7 |
_aAnecdotes. _2lcgft _0https://id.loc.gov/authorities/genreForms/gf2014026044 |
|
| 700 | 1 |
_aHur, Anton, _etranslator. |
|
| 942 |
_2ddc _cNFIC |
||